000
00263nam a2200109Ia 4500
008
190216s9999||||xx |||||||||||||| ||und||
100
_a
Sudhir Mukerjee
245
0
_a
Principles Of Public Finance
260
_b
Central Book Depot
650
_a
Economics
942
_c
BK
999
_c
9233
_d
9233